000 00923nam a2200229Ii 4500
003 JO-AjNU
008 230605s9999||||xx |||||||||||||| ||und||
017 _a2007/5/1480
020 _a9957-16-034.0
040 _aJO-AjNU
_bara
_erda
_cJO-AjNU
041 _aara
050 1 4 _aK5101.S2552.2010
100 3 _aالسعيد، كامل ,
_eauthor
_931742
245 0 0 _aشرح قانون أصول المحاكمات الجزائية : دراسة تحليلية تأصيلية مقارنة في القوانين الأردنية والمصرية والسورية وغيرها
250 _aط3
264 3 1 _aعمان : دار الثقافة ، 2010
300 _a837ص
336 _atext
_btxt
_2rdacontent
337 _aunmediated
_bn
_2rdamedia
338 _avolume
_bnc
_2rdacarrier
650 4 _aالقانون الجنائي -- أصول المحاكمات -- إجراءات -- المحاكم -- الدعاوى
_931743
999 _aA12730
_c16298
_d16298